|
|
|
|
| LEADER |
00000cam a2200000 7i4500 |
| 001 |
0000016786 |
| 005 |
20071204.0 |
| 040 |
|
|
|a INS
|
| 090 |
0 |
0 |
|a AVO71
|
| 110 |
2 |
|
|a Kursus Induksi Modul Khusus bagi Kumpulan Pengurusan Dan Profesional Gred W41 Dan Kumpulan Sokongan Gred W27
|k 2005 26 - 28 September
|c INSPEN, Bangi
|
| 245 |
0 |
0 |
|a Kursus Induksi Modul Khusus bagi Kumpulan Pengurusan Dan Profesional Gred W41 Dan Kumpulan Sokongan Gred W27 :
|b 26 - 28 September 2005
|c Anjuran Program Penilaian dan Perkhidmatan Harta INSPEN
|
| 260 |
|
|
|a Bangi :
|b Institut Penilaian Negara ,
|c 2005
|
| 300 |
|
|
|a 1 v. (Mukasurat pelbagai) :
|b ill ;
|c 30 Cm.
|
| 500 |
|
|
|a Anjuran Program Penilaian dan Perkhidmatan Harta, Institut Penilaian Negara
|
| 500 |
|
|
|a Kursus diadakan pada26-28 Sepotember 2005 di INSPEN
|
| 650 |
0 |
0 |
|a Employees
|x Training of
|
| 710 |
1 |
|
|a INSPEN (Institut Penilaian Negara)
|
| 856 |
|
|
|u http://app.inspen.gov.my:7779/pls/portal/docs/PAGE/CORPORATEPAGES/PORTAL_INSPEN/NOTA_KURSUS/AVO/X)KURSUS%20INDUKSI%20MODULKHUSUS%20BAGI%20W41%20%26%20%20W27.PDF
|
| 999 |
|
|
|a AVO0000099
|b BOOK
|c Course Notes
|e Default branch
|
| 999 |
|
|
|a AVO0000100
|b BOOK
|c Course Notes
|e Default branch
|
| 999 |
|
|
|a AVO0000123
|b BOOK
|c Course Notes
|e Default branch
|